Statistiques concernant Régions de Croatie - Carte Quiz

Cliquez ici pour prendre le quiz!

Statistiques générales

  • Ce quiz a été pris 126 fois
  • Le résultat moyen est 7 sur 21

Réponses sur la Carte

Les réponses sont colorées sur une échelle allant du rouge au vert en fonction du pourcentage des utilisateurs qui les ont devinées à leur premier essai. Vous pouvez retrouver ces pourcentages ci-dessous.
 

Statistiques - réponses

Réponse% Correct
Split-Dalmatie
65%
Dubrovnik-Neretva
61%
Istrie
58%
Zagreb
55%
Ville de Zagreb
48%
Zadar
44%
Karlovac
34%
Vukovar-Syrmie
34%
Osijek-Baranja
31%
Lika-Senj
27%
Požega-Slavonie
26%
Šibenik-Knin
26%
Primorje-Gorski Kotar
24%
Varaždin
24%
Sisak-Moslavina
23%
Brod-Posavina
19%
Bjelovar-Bilogora
18%
Krapina-Zagorje
18%
Međimurje
16%
Virovitica-Podravina
16%
Koprivnica-Križevci
11%

Distribution des résultats

Percentile par nombre de réponses

% des personnes avec chaque résultat

Votre développement - résultats

Vous n’avez pas pris ce quiz